| 000 | 00787nam a2200217Ia 4500 | ||
|---|---|---|---|
| 008 | 150520s9999 xx 000 0 und d | ||
| 050 | _aRC 629 | ||
| 050 | _b.B368 2015 | ||
| 100 | _aBantoc, Hend B. | ||
| 245 | 3 | _aAn in vivo utilization of plantago major linn (lanting) leaf extract as am alternative therapeutic treatment for hyperuricemia in rattus norvegicus / | |
| 245 | _cHend B. Bantoc, Erika Elaine L. Bracewell, Christina R. Camacho, Louise Anne M. Friginal, Tanya Rose F. Untalan . | ||
| 260 | _aLas PiƱas, Philippines : | ||
| 260 | _bSISC, | ||
| 260 | _c2015. | ||
| 300 | _a114 pages : | ||
| 300 | _billustrations ; | ||
| 300 | _c28 cm. | ||
| 500 | _aIncludes bibliographical references and appendices. | ||
| 650 | _aHyperuricemea | ||
| 650 | _xTherapeutic | ||
| 999 |
_c284048 _d284048 |
||